LITERATURE REVIEW SIX STEPS TO SUCCESS (Record no. 24428)
[ view plain ]
| 000 -LEADER | |
|---|---|
| fixed length control field | 00294nam a2200121Ia 4500 |
| 008 - FIXED-LENGTH DATA ELEMENTS--GENERAL INFORMATION | |
| fixed length control field | 240624s9999 xx 000 0 und d |
| 041 ## - LANGUAGE CODE | |
| Language code of text/sound track or separate title | eng |
| 082 ## - DEWEY DECIMAL CLASSIFICATION NUMBER | |
| Classification number | 809 MAC |
| 100 ## - MAIN ENTRY--PERSONAL NAME | |
| Personal name | MACHI LAWRENCE A |
| 245 ## - TITLE STATEMENT | |
| Title | LITERATURE REVIEW SIX STEPS TO SUCCESS |
| 260 ## - PUBLICATION, DISTRIBUTION, ETC. | |
| Place of publication, distribution, etc. | California |
| Name of publisher, distributor, etc. | Corwin |
| 365 ## - TRADE PRICE | |
| Currency code | RS |
| Withdrawn status | Lost status | Damaged status | Not for loan | Home library | Current library | Shelving location | Date acquired | Cost, normal purchase price | Total Holds | Full call number | Barcode | Date last seen | Copy number | Price effective from | Koha item type |
|---|---|---|---|---|---|---|---|---|---|---|---|---|---|---|---|
| IMTN | IMTN | Rack 38-A | 09/08/2015 | 2988.00 | 5897 | 809 MAC | 24428 | 06/24/2024 | 1 | 06/24/2024 | Books |